| 000 | 00462nam a2200145 4500 | ||
|---|---|---|---|
| 082 | _aBSCS-2 AZH | ||
| 100 | _aDANIYAL AZHAR MALIK | ||
| 245 | _aCRIME INVESTIGATION SUPPORT SYSTEM | ||
| 260 |
_aISLAMABAD _bNUST-SEECS _c2016 |
||
| 300 |
_a30p. _eCD INCLUDES |
||
| 856 | _uhttp://10.250.8.41:8080/xmlui/handle/123456789/8649 | ||
| 942 |
_2ddc _cTHE |
||
| 999 |
_c173097 _d173097 |
||